Local authorities' performance on sustainable construction. (Record no. 101469)

MARC details
000 -LEADER
fixed length control field 00702cam a2200241 4500
008 - FIXED-LENGTH DATA ELEMENTS--GENERAL INFORMATION
fixed length control field 000000n2001 000 0 eng u
020 ## - INTERNATIONAL STANDARD BOOK NUMBER
International Standard Book Number 1860814735
035 ## - SYSTEM CONTROL NUMBER
System control number (Sirsi) u112769
041 ## - LANGUAGE CODE
Language code of text/sound track or separate title eng
050 ## - LIBRARY OF CONGRESS CALL NUMBER
Classification number 333.72
100 ## - MAIN ENTRY--PERSONAL NAME
Personal name Crowhurst, David
110 ## - MAIN ENTRY--CORPORATE NAME
Corporate name or jurisdiction name as entry element Building Research Establishment
245 ## - TITLE STATEMENT
Title Local authorities' performance on sustainable construction.
260 ## - PUBLICATION, DISTRIBUTION, ETC.
Place of publication, distribution, etc. London
Name of publisher, distributor, etc. CRC Ltd
Date of publication, distribution, etc. 2001
300 ## - PHYSICAL DESCRIPTION
Extent 8p. ; 30cm.
490 ## - SERIES STATEMENT
Series statement BRE Information Paper
Volume/sequential designation 7/01
650 ## - SUBJECT ADDED ENTRY--TOPICAL TERM
Topical term or geographic name entry element LOCAL AUTHORITY SUSTAINABLE CONSTRUCTION NETWORK
650 ## - SUBJECT ADDED ENTRY--TOPICAL TERM
Topical term or geographic name entry element LASCN
690 ## - LOCAL SUBJECT ADDED ENTRY--TOPICAL TERM (OCLC, RLIN)
Topical term or geographic name as entry element BUILDING AND CONSTRUCTION-SUSTAINABLE
700 ## - ADDED ENTRY--PERSONAL NAME
Personal name Rao, Susheel
700 ## - ADDED ENTRY--PERSONAL NAME
Personal name McAllister, Isabel
942 ## - ADDED ENTRY ELEMENTS (KOHA)
Suppress in OPAC 0
Holdings
Withdrawn status Lost status Source of classification or shelving scheme Damaged status Not for loan Home library Current library Shelving location Date acquired Total Checkouts Full call number Barcode Date last seen Copy number Price effective from Koha item type
    Dewey Decimal Classification     London London BRE publications 24/05/2001   ENQUIRY DESK 30064315 06/08/2019 1 06/08/2019 Book